[Event "Gelsenkirchen Koenigsspringer op"]
[Site "Gelsenkirchen"]
[Date "2019.12.29"]
[Round "5"]
[White "Hoeche, Alexander"]
[Black "Krauss, Joerg"]
[Result "1/2-1/2"]
[WhiteElo "1835"]
[BlackElo "1677"]
[PlyCount "134"]
[EventDate "2019.12.27"]
[EventType "swiss"]
[EventRounds "7"]
[EventCountry "GER"]
[SourceTitle "CBM 194 Extra"]
[Source "ChessBase"]
[SourceDate "2020.03.31"]
[SourceVersion "1"]
[SourceVersionDate "2020.03.31"]
[SourceQuality "1"]

1. d4 Nf6 2. c4 e5 3. dxe5 Ng4 4. Bf4 Nc6 5. Nf3 Bb4+ 6. Nbd2 Qe7 7. e3 Ngxe5 8. Nxe5 Nxe5 9. Be2 d6 10. 0-0 Ng6 11. Bg3 Bd7 12. Nb3 Ba4 13. Bf3 Rb8 14. Qe2 Bxb3 15. axb3 a6 16. Qc2 0-0 17. Be4 Rfe8 18. Bd3 Rbd8 19. e4 Ne5 20. f3 Rd7 21. Kh1 h6 22. Be2 Nc6 23. Rad1 Qf6 24. Bf2 Rde7 25. Rd5 Re5 26. Rxe5 Qxe5 27. Rd1 Qf6 28. g3 Qg6 29. Bf1 Re5 30. Bg2 Ra5 31. f4 Kf8 32. Qe2 Qe6 33. Bf3 Qe8 34. Kg2 f6 35. h4 Qe7 36. Bh5 Qe6 37. Bg6 Qe7 38. h5 Qe6 39. Qc2 Qe7 40. g4 Qe6 41. Kg3 Qe7 42. Qe2 Qe6 43. Rd5 Qe7 44. Qd3 Qe6 45. Bf5 Qe8 46. Be3 Ne7 47. Rxa5 Bxa5 48. Kf3 Nxf5 49. exf5 Qc6+ 50. Qe4 Qxe4+ 51. Kxe4 c6 52. g5 Ke7 53. Kd3 Bb4 54. Bb6 Kd7 55. Kd4 Bd2 56. Ke4 Bb4 57. Be3 Ke7 58. Bd4 Bd2 59. Bc3 Bc1 60. g6 Kf8 61. b4 b5 62. cxb5 axb5 63. b3 Ke7 64. Be1 Bb2 65. Bd2 Ba1 66. Kd3 Bb2 67. Be3 Ba1 1/2-1/2

[Event "Gelsenkirchen Koenigsspringer op"]
[Site "Gelsenkirchen"]
[Date "2019.12.27"]
[Round "1"]
[White "Hoeche, Alexander"]
[Black "Wingerning, Fynn"]
[Result "1-0"]
[WhiteElo "1835"]
[BlackElo "1219"]
[PlyCount "59"]
[EventDate "2019.12.27"]
[EventType "swiss"]
[EventRounds "7"]
[EventCountry "GER"]
[SourceTitle "CBM 194 Extra"]
[Source "ChessBase"]
[SourceDate "2020.03.31"]
[SourceVersion "1"]
[SourceVersionDate "2020.03.31"]
[SourceQuality "1"]

1. d4 d5 2. c4 dxc4 3. e4 Nc6 4. Nf3 Bg4 5. Bxc4 e6 6. Bb5 a6 7. Bxc6+ bxc6 8. Be3 Nf6 9. Nbd2 Bb4 10. 0-0 0-0 11. Qc2 Bxd2 12. Nxd2 Qd7 13. Nc4 Rab8 14. Ne5 Qd6 15. Nxc6 Rb6 16. Rfc1 Be2 17. e5 Qxc6 18. Qxe2 Nd5 19. Rxc6 Rxc6 20. Rc1 Rb6 21. b3 a5 22. h4 Rfb8 23. h5 Nxe3 24. Qxe3 h6 25. Rxc7 a4 26. Qc3 axb3 27. axb3 Rxb3 28. Rc8+ Rxc8 29. Qxc8+ Kh7 30. Qc2+ 1-0

[Event "Gelsenkirchen Koenigsspringer op"]
[Site "Gelsenkirchen"]
[Date "2019.12.27"]
[Round "2"]
[White "Quast, Marcel"]
[Black "Hoeche, Alexander"]
[Result "1-0"]
[WhiteElo "2209"]
[BlackElo "1835"]
[PlyCount "73"]
[EventDate "2019.12.27"]
[EventType "swiss"]
[EventRounds "7"]
[EventCountry "GER"]
[SourceTitle "CBM 194 Extra"]
[Source "ChessBase"]
[SourceDate "2020.03.31"]
[SourceVersion "1"]
[SourceVersionDate "2020.03.31"]
[SourceQuality "1"]

1. e4 c5 2. d4 cxd4 3. c3 Nf6 4. e5 Nd5 5. Nf3 d6 6. Qxd4 dxe5 7. Bb5+ Nc6 8. Nxe5 Qd6 9. Bxc6+ bxc6 10. 0-0 e6 11. Rd1 Qc7 12. Nd2 Be7 13. Ndf3 f6 14. Nc4 e5 15. Qe4 0-0 16. Ne3 Nxe3 17. Bxe3 Be6 18. c4 Bf7 19. Qg4 Rfd8 20. Nh4 Kh8 21. Nf5 Bg6 22. Qf3 Rxd1+ 23. Rxd1 Rd8 24. Nxe7 Qxe7 25. Bxa7 Kg8 26. Bb6 Rd6 27. h3 Qd7 28. Rxd6 Qxd6 29. a4 e4 30. Qb3 Bf7 31. Be3 f5 32. g3 Be6 33. a5 Qc7 34. a6 Bc8 35. a7 Qb7 36. Qa3 Qa8 37. Qe7 1-0

[Event "Gelsenkirchen Silvester op 5th"]
[Site "Gelsenkirchen"]
[Date "2017.12.29"]
[Round "4"]
[White "Wingerning, Fynn"]
[Black "Hoeche, Alexander"]
[Result "0-1"]
[WhiteElo "1181"]
[BlackElo "1608"]
[PlyCount "66"]
[EventDate "2017.12.27"]
[EventType "swiss"]
[EventRounds "5"]
[EventCountry "GER"]
[SourceTitle "CBM 182 Extra"]
[Source "ChessBase"]
[SourceDate "2018.02.23"]
[SourceVersion "1"]
[SourceVersionDate "2018.02.23"]
[SourceQuality "1"]

1. e4 c5 2. Nf3 d6 3. Bc4 Nc6 4. 0-0 Nf6 5. d3 g6 6. Be3 Bg7 7. Qd2 Ng4 8. Bf4 Bxb2 9. Nc3 Bxa1 10. Rxa1 Nge5 11. Bh6 Nxf3+ 12. gxf3 Ne5 13. Qe3 Nxc4 14. dxc4 Be6 15. Nd5 Bxd5 16. exd5 Kd7 17. Bg5 Re8 18. Qa3 f6 19. Be3 e5 20. Rb1 b6 21. Qa4+ Ke7 22. Bh6 g5 23. Qb3 Rg8 24. Qd3 Rg6 25. Bxg5 Rxg5+ 26. Kf1 Qg8 27. Ke2 Qg6 28. Qd2 Rg2 29. Rh1 Rg1 30. Rxg1 Qxg1 31. Qd3 Qg6 32. Qd2 Qh5 33. Qd3 f5 0-1

[Event "Frankfurt-chA"]
[Site "Frankfurt"]
[Date "2016.06.06"]
[Round "6"]
[White "Klamser, Dietmar"]
[Black "Hoeche, Alexander"]
[Result "0-1"]
[WhiteElo "1809"]
[BlackElo "1276"]
[PlyCount "106"]
[EventDate "2016.04.25"]
[EventType "swiss"]
[EventRounds "9"]
[EventCountry "GER"]
[SourceTitle "EXT 2018"]
[Source "ChessBase"]
[SourceDate "2017.10.13"]
[SourceVersion "1"]
[SourceVersionDate "2017.10.13"]
[SourceQuality "1"]

1. e4 c5 2. Nf3 d6 3. d4 cxd4 4. Nxd4 Nf6 5. Nc3 g6 6. Bc4 Bg7 7. f3 0-0 8. Be3 Nc6 9. Qd2 Bd7 10. 0-0-0 Rc8 11. Bb3 a6 12. Nxc6 Rxc6 13. Bh6 b5 14. Bxg7 Kxg7 15. Kb1 Qb6 16. g4 Be6 17. Bxe6 fxe6 18. h4 Qc5 19. Rc1 Nd7 20. Ne2 Nb6 21. Nd4 Nc4 22. Qd3 Qe5 23. c3 Rc5 24. b3 Nb6 25. Qe3 Nd5 26. Qd2 Nf4 27. Rhe1 a5 28. Rc2 h6 29. Re3 Kf7 30. Re1 Rh8 31. Re3 g5 32. h5 Rc7 33. Ne2 Ng2 34. Rd3 Rf8 35. Nd4 Nh4 36. Re3 Ke8 37. Qd3 Rc5 38. b4 Rc4 39. bxa5 Kd7 40. Rb2 Rb8 41. Nxb5 Qc5 42. Nd4 Rxb2+ 43. Kxb2 Ng2 44. Nb3 Qc8 45. a6 Nf4 46. Qd2 Ra4 47. e5 Rxa6 48. Qd4 Qb7 49. exd6 Rxd6 50. Qb4 Qxb4 51. cxb4 Nd5 52. Nc5+ Kc6 53. a3 Nxe3 0-1

[Event "Frankfurt-chA"]
[Site "Frankfurt"]
[Date "2016.05.02"]
[Round "2"]
[White "Reschke, Stefan"]
[Black "Hoeche, Alexander"]
[Result "1-0"]
[WhiteElo "2215"]
[BlackElo "1276"]
[PlyCount "75"]
[EventDate "2016.04.25"]
[EventType "swiss"]
[EventRounds "9"]
[EventCountry "GER"]
[SourceTitle "EXT 2018"]
[Source "ChessBase"]
[SourceDate "2017.10.13"]
[SourceVersion "1"]
[SourceVersionDate "2017.10.13"]
[SourceQuality "1"]

1. d4 Nf6 2. c4 e6 3. g3 d5 4. Nf3 Bb4+ 5. Bd2 Bxd2+ 6. Nbxd2 0-0 7. Bg2 Nbd7 8. Qc2 c6 9. 0-0 Re8 10. e4 Nxe4 11. Nxe4 dxe4 12. Qxe4 Nf6 13. Qe3 Qc7 14. Rac1 Bd7 15. Ne5 Rad8 16. Qa3 b6 17. c5 b5 18. Qf3 Rc8 19. a4 a6 20. axb5 axb5 21. Ra1 Re7 22. Ra6 Nd5 23. Qb3 f6 24. Nd3 Be8 25. Re1 Bf7 26. f4 h6 27. Qd1 Qb7 28. Ra1 Qd7 29. Nf2 Ree8 30. Ne4 Ra8 31. Nd6 Rxa1 32. Qxa1 Nb4 33. Be4 Rd8 34. Qa5 Nd5 35. Ra1 g5 36. f5 exf5 37. Bxf5 Be6 38. Bxe6+ 1-0